• 首页
  • 本馆介绍
  • 公告通知
  • 最新文献
  • 馆藏检索
  • 电子资源
  • 读者导购
  • 参考咨询
  • 我的图书馆
  • 登录
  • 详细信息显示
  • 放入我的书架
  • 预约/预借图书
  • 作者相关作品
  • 分类相关作品
  • 丛书相关作品
  • 出版社相关作品

书目信息

  • 表格格式
  • 工作单格式
  • 卡片格式
题名:
数字黑白风光摄影
    
 
作者: 肖布 著 ;郭定原 译
分册:  
出版信息: 北京   电子工业出版社  2011
页数: 156页
开本: 23cm
丛书名: 品味摄影
单 册:
中图分类: TB879 , J414
科图分类:
主题词: 数字照相机--黑白摄影--摄影技术 , 数字照相机--风光摄影--摄影技术
电子资源:
ISBN: 978-7-121-12896-7
000 01170nam0 2200313 45
001 1355769077
005 20130515172642.67
010    @a978-7-121-12896-7@dCNY48.00
100    @a20130108d2011 em y0chiy50 ea
101 1  @achi@ceng
102    @aCN@b110000
105    @ay z 000yy
106    @ar
200 1  @a数字黑白风光摄影@dDigital photographer's guide to B&W landscape photography@f(美)乔治·肖布著@g郭定原译@zeng
210    @a北京@c电子工业出版社@d2011
215    @a156页@c图@d23cm
225 2  @a品味摄影
305    @a本书由Sterling Publishing Co, Inc授权出版
330    @a本书介绍了黑白风光摄影的方方面面,包括胶片相机和数码相机的区别,灰阶图像、构图、曝光,以及如何拍摄到最佳的黑白图像,如何使用图像处理软件来处理图像,最后还介绍如何打印出理想的黑白照片。
461  0 @12001 @a品味摄影
510 1  @aDigital photographer's guide to B&W landscape photography@zeng
606 0  @a数字照相机@x黑白摄影@x摄影技术
606 0  @a数字照相机@x风光摄影@x摄影技术
690    @aTB879@v5
690    @aJ414@v5
701  0 @c(美)@a肖布@c(Schaub, George)@4著
702  0 @a郭定原@4译
801    @aCN@bTANGWEI@c20130112
905    @b0832648-51@dTB879@e150@f4
    
    数字黑白风光摄影=Digital photographer's guide to B&W landscape photography/(美)乔治·肖布著/郭定原译.-北京:电子工业出版社,2011
    156页:图;23cm.-(品味摄影)
    
    
    ISBN 978-7-121-12896-7:CNY48.00
    本书介绍了黑白风光摄影的方方面面,包括胶片相机和数码相机的区别,灰阶图像、构图、曝光,以及如何拍摄到最佳的黑白图像,如何使用图像处理软件来处理图像,最后还介绍如何打印出理想的黑白照片。
●
相关链接 在E读中查询图书 在五车中查询图书 在当当中查询图书 在豆瓣中查询图书


正题名:数字黑白风光摄影     索取号:TB879/150         预约/预借

序号 登录号 条形码 馆藏地/架位号 状态 备注
1 0832648   208326480   第二样本阅览室/ [索取号:TB879/150] 在馆    
2 0832649   208326499   第三借阅区/ [索取号:TB879/150] 在馆    
3 0832650   208326505   第三借阅区/ [索取号:TB879/150] 在馆    
4 0832651   208326514   第三借阅区/ [索取号:TB879/150] 在馆    
唐山师范学院图书馆 欢迎您!
大连网信软件有限公司© 版权所有